| 000 | 00000nas 2200000za 4500 |
| 001 | 9.812053 |
| 003 | CaOODSP |
| 005 | 20221107141228 |
| 007 | cr ||||||||||| |
| 008 | 160229d19631970oncar p oss f000#b0fre|d |
| 022 | |y0317-9826 |
| 040 | |aCaOODSP|bfre |
| 041 | |aeng|afre |
| 043 | |an-cn--- |
| 086 | 1 |aCS81-204-PDF |
| 245 | 00|aSurvey of higher education. |nPart I, |pFall enrolment in universities and colleges |h[ressource électronique] / |cDominion Bureau of Statistics, Education Division, Higher Education Section = Relevé de l'enseignement supérieur. Partie I, Inscriptions d'automne aux universités et collèges / Bureau fédéral de la statistique, Division de l'éducation, Section de l'enseignement supérieur. |
| 246 | 11|aRelevé de l'enseignement supérieur. |nPartie I, |pInscriptions d'automne aux universités et collèges |
| 260 | |aOttawa : |bDominion Bureau of Statistics = Bureau fédéral de la statistique, |c1963-1970. |
| 310 | |aAnnuel |
| 362 | 0 |a1962/63-1969/70. |
| 500 | |aÉdition numérisée de l’imprimé [par Statistique Canada]. |
| 546 | |aTexte en anglais et en français. |
| 550 | |aPublié 1969/70 par la Section de l'information sur les étudiants. |
| 580 | |aFusion de : Inscriptions d'automne aux universités et collèges (1956); et Relevé de l'enseignement supérieur, en partie. |
| 692 | 07|2gccst|aEnseignement postsecondaire |
| 710 | 1 |aCanada.|bBureau fédéral de la statistique.|bSection de l'enseignement supérieur. |
| 710 | 1 |aCanada.|bBureau fédéral de la statistique.|bSection de l'information sur les étudiants. |
| 780 | 00|tSurvey of higher education |w(CaOODSP)9.818254 |
| 780 | 00|tFall enrolment in universities and colleges |w(CaOODSP)9.862721 |
| 785 | 00|tFall enrolment in universities and colleges |w(CaOODSP)9.812057 |
| 791 | |tSurvey of higher education. |eeng|w(CaOODSP)9.812049 |